<?xml version="1.0" encoding="UTF-8"?>
<record
    xmlns:xsi="http://www.w3.org/2001/XMLSchema-instance"
    xsi:schemaLocation="http://www.loc.gov/MARC21/slim http://www.loc.gov/standards/marcxml/schema/MARC21slim.xsd"
    xmlns="http://www.loc.gov/MARC21/slim">

  <leader>02931njm a2200493Ia 4500</leader>
  <controlfield tag="001">24681</controlfield>
  <controlfield tag="003">IT-RoPAU</controlfield>
  <controlfield tag="005">20220918181126.0</controlfield>
  <controlfield tag="008">131025s9999    xx            000 0 und d</controlfield>
  <datafield tag="040" ind1=" " ind2=" ">
    <subfield code="a">IT-RoPAU</subfield>
  </datafield>
  <datafield tag="040" ind1=" " ind2=" ">
    <subfield code="c">IT-RoPAU</subfield>
  </datafield>
  <datafield tag="041" ind1=" " ind2=" ">
    <subfield code="a">ITALIANO</subfield>
  </datafield>
  <datafield tag="999" ind1=" " ind2=" ">
    <subfield code="c">100143</subfield>
    <subfield code="d">100143</subfield>
  </datafield>
  <datafield tag="999" ind1=" " ind2=" ">
    <subfield code="b">n.d.</subfield>
  </datafield>
  <datafield tag="100" ind1=" " ind2=" ">
    <subfield code="a">AA.VV.</subfield>
    <subfield code="9">794</subfield>
  </datafield>
  <datafield tag="100" ind1=" " ind2=" ">
    <subfield code="e">Autore musica</subfield>
    <subfield code="9">11582</subfield>
  </datafield>
  <datafield tag="100" ind1=" " ind2=" ">
    <subfield code="g">Codice autore musica SPICS: 12000</subfield>
    <subfield code="9">796</subfield>
  </datafield>
  <datafield tag="245" ind1=" " ind2=" ">
    <subfield code="a">Villa fortissimamente Villa</subfield>
  </datafield>
  <datafield tag="250" ind1=" " ind2=" ">
    <subfield code="a">1a ed.</subfield>
  </datafield>
  <datafield tag="260" ind1=" " ind2=" ">
    <subfield code="a">TORINO</subfield>
  </datafield>
  <datafield tag="260" ind1=" " ind2=" ">
    <subfield code="b">FONIT CETRA</subfield>
    <subfield code="c">1972 [1a Ed.:1972]</subfield>
  </datafield>
  <datafield tag="300" ind1=" " ind2=" ">
    <subfield code="a">DISCO</subfield>
  </datafield>
  <datafield tag="300" ind1=" " ind2=" ">
    <subfield code="c">32 minuti (Testo:  pag.)</subfield>
  </datafield>
  <datafield tag="500" ind1=" " ind2=" ">
    <subfield code="a">Canzone italiana- Canzoni italiane</subfield>
  </datafield>
  <datafield tag="505" ind1=" " ind2=" ">
    <subfield code="a">Binario (4:00) - Concerto alla vita (3:00) - Serenata celeste (4:00) - Quando canta il gallo (3:00) - Serenata serena (3:00) - Terra straniera (4:00) - Addio addio (4:00) - Perch&#xE9; piango (3:00) - Amor, mon amour, My Love (4:00) - Ol&#xE8; ol&#xE8; guardate che torero (3:00)</subfield>
  </datafield>
  <datafield tag="650" ind1=" " ind2=" ">
    <subfield code="a">CANZONE ITALIAN [DISCHI]</subfield>
    <subfield code="e">Codice MATERIA SPICS: 9950</subfield>
    <subfield code="9">11583</subfield>
  </datafield>
  <datafield tag="700" ind1=" " ind2=" ">
    <subfield code="a">Villa Claudio</subfield>
    <subfield code="g">Codice interprete SPICS: 1155</subfield>
    <subfield code="e">Interprete</subfield>
    <subfield code="9">11584</subfield>
  </datafield>
  <datafield tag="700" ind1=" " ind2=" ">
    <subfield code="a">Villa Claudio</subfield>
    <subfield code="g">Codice autore testo/musica SPICS: 1155</subfield>
    <subfield code="e">Autore testo/musica</subfield>
    <subfield code="p">Binario - Quando canta il gallo - Ol&#xE8; ol&#xE8; guardate che torero</subfield>
    <subfield code="9">11585</subfield>
  </datafield>
  <datafield tag="700" ind1=" " ind2=" ">
    <subfield code="a">Cherubini Bixio</subfield>
    <subfield code="g">Codice autore musica SPICS: 13442</subfield>
    <subfield code="e">Autore musica</subfield>
    <subfield code="p">Concerto alla vita</subfield>
    <subfield code="9">11586</subfield>
  </datafield>
  <datafield tag="700" ind1=" " ind2=" ">
    <subfield code="a">Bixio Cesare Andrea</subfield>
    <subfield code="g">Codice autore SPICS: 13441</subfield>
    <subfield code="e">Autore</subfield>
    <subfield code="p">Concerto alla vita</subfield>
    <subfield code="9">11587</subfield>
  </datafield>
  <datafield tag="700" ind1=" " ind2=" ">
    <subfield code="a">Concina Carlo</subfield>
    <subfield code="g">Codice autore testo/musica SPICS: 13632</subfield>
    <subfield code="e">Autore testo/musica</subfield>
    <subfield code="p">Concerto alla vita</subfield>
    <subfield code="9">11588</subfield>
  </datafield>
  <datafield tag="700" ind1=" " ind2=" ">
    <subfield code="a">Fiorelli Giuseppe</subfield>
    <subfield code="g">Codice autore musica SPICS: 13362</subfield>
    <subfield code="e">Autore musica</subfield>
    <subfield code="p">Serenata celeste</subfield>
    <subfield code="9">11589</subfield>
  </datafield>
  <datafield tag="700" ind1=" " ind2=" ">
    <subfield code="a">Ruccione Mario</subfield>
    <subfield code="g">Codice autore testo/musica SPICS: 13479</subfield>
    <subfield code="e">Autore musica</subfield>
    <subfield code="p">Serenata celeste</subfield>
    <subfield code="9">11590</subfield>
  </datafield>
  <datafield tag="700" ind1=" " ind2=" ">
    <subfield code="a">Bonagura Enzo</subfield>
    <subfield code="g">Codice autore musica SPICS: 13478</subfield>
    <subfield code="e">Autore musica</subfield>
    <subfield code="p">Serenata serena</subfield>
    <subfield code="9">11591</subfield>
  </datafield>
  <datafield tag="700" ind1=" " ind2=" ">
    <subfield code="a">Falcocchio Edoardo</subfield>
    <subfield code="g">Codice autore testo/musica SPICS: 13560</subfield>
    <subfield code="e">Autore testo/musica</subfield>
    <subfield code="p">Serenata serena</subfield>
    <subfield code="9">11592</subfield>
  </datafield>
  <datafield tag="700" ind1=" " ind2=" ">
    <subfield code="a">Marletta</subfield>
    <subfield code="g">Codice autore musica SPICS: 15757</subfield>
    <subfield code="e">Autore musica</subfield>
    <subfield code="p">Terra straniera</subfield>
    <subfield code="9">11593</subfield>
  </datafield>
  <datafield tag="700" ind1=" " ind2=" ">
    <subfield code="a">Leberati</subfield>
    <subfield code="g">Codice autore testo/musica SPICS: 15758</subfield>
    <subfield code="e">Autore testo/musica</subfield>
    <subfield code="p">Terra straniera</subfield>
    <subfield code="9">11594</subfield>
  </datafield>
  <datafield tag="700" ind1=" " ind2=" ">
    <subfield code="a">Migliacci Franco</subfield>
    <subfield code="g">Codice autore musica SPICS: 13653</subfield>
    <subfield code="e">Autore musica</subfield>
    <subfield code="p">Addio addio</subfield>
    <subfield code="9">11595</subfield>
  </datafield>
  <datafield tag="700" ind1=" " ind2=" ">
    <subfield code="a">Modugno Domenico</subfield>
    <subfield code="g">Codice autore testo/musica SPICS: 12142</subfield>
    <subfield code="e">Autore testo/musica</subfield>
    <subfield code="p">Addio addio</subfield>
    <subfield code="9">11596</subfield>
  </datafield>
  <datafield tag="700" ind1=" " ind2=" ">
    <subfield code="a">Falpo</subfield>
    <subfield code="g">Codice autore testo/musica SPICS: 15763</subfield>
    <subfield code="e">Autore testo/musica</subfield>
    <subfield code="p">Perch&#xE9; piango</subfield>
    <subfield code="9">11597</subfield>
  </datafield>
  <datafield tag="700" ind1=" " ind2=" ">
    <subfield code="a">Pinchi (Pinci) (Perotti Pino)</subfield>
    <subfield code="g">Codice autore musica SPICS: 13615</subfield>
    <subfield code="e">Autore musica</subfield>
    <subfield code="p">Amor, mon amour, My Love</subfield>
    <subfield code="9">11598</subfield>
  </datafield>
  <datafield tag="700" ind1=" " ind2=" ">
    <subfield code="a">Malgoni M.</subfield>
    <subfield code="g">Codice autore SPICS: 14072</subfield>
    <subfield code="e">Autore</subfield>
    <subfield code="p">Amor, mon amour, My Love</subfield>
    <subfield code="9">11599</subfield>
  </datafield>
  <datafield tag="700" ind1=" " ind2=" ">
    <subfield code="a">Pallesi Bruno</subfield>
    <subfield code="g">Codice autore testo/musica SPICS: 13598</subfield>
    <subfield code="e">Autore testo/musica</subfield>
    <subfield code="p">Amor, mon amour, My Love</subfield>
    <subfield code="9">11600</subfield>
  </datafield>
  <datafield tag="942" ind1=" " ind2=" ">
    <subfield code="c">MD</subfield>
    <subfield code="2">ddc</subfield>
  </datafield>
  <datafield tag="952" ind1=" " ind2=" ">
    <subfield code="0">0</subfield>
    <subfield code="1">0</subfield>
    <subfield code="4">0</subfield>
    <subfield code="6">24681_000000000000000</subfield>
    <subfield code="7">1</subfield>
    <subfield code="a">SPICS</subfield>
    <subfield code="b">SPICS</subfield>
    <subfield code="d">2013-10-25</subfield>
    <subfield code="l">0</subfield>
    <subfield code="o">24681</subfield>
    <subfield code="r">2013-10-25 00:00:00</subfield>
    <subfield code="w">2013-10-25</subfield>
    <subfield code="y">MD</subfield>
    <subfield code="z">Progr. Ins.: 5376 / N.Vol.: 1 / Copie: 1 - Copia rara: n.d. / date import: 01.01.2014 - By Epidotti, Trombetti, Vaglietti</subfield>
  </datafield>
</record>
